000 00917nam a2200229Ia 4500
005 20260430150807.0
008 008 250103s9999 xx 000 0 hin d
037 _aTheses
040 _aCRL
040 _bhin
040 _chin
041 _2hin
041 _ahin
084 _qCRL
100 _aरुचि, ले.
_9870236
245 0 _aमेघालयस्थ माध्यमिक स्तरीय विद्यालयों के हिंदी भाषा शिक्षकों की शिक्षण विधियॅंा एवं उनका छात्रों पर प्रभाव का समीक्षात्माक अघ्ययन
260 _c2024
300 _a201पृ.
700 _aदिल्ली विश्वविद्यालय. शिक्षा. शिक्षा
_91238359
942 _cTH
999 _c1850799
_d1850799